Stand By, Stand By (Record no. 571730)

MARC details
000 -LEADER
fixed length control field 00475nam a22001817a 4500
008 - FIXED-LENGTH DATA ELEMENTS--GENERAL INFORMATION
fixed length control field 250608b |||||||| |||| 00| 0 eng d
020 ## - INTERNATIONAL STANDARD BOOK NUMBER
ISBN 9780099460084
Paper back/Hardbound pbk
041 ## - LANGUAGE CODE
Language code of text/sound track or separate title eng
082 ## - DEWEY DECIMAL CLASSIFICATION NUMBER
Classification number 823.92 RYA
100 ## - MAIN ENTRY--AUTHOR NAME
Personal name Ryan Chris
245 ## - TITLE STATEMENT
Title Stand By, Stand By
Sub Title : a man at war with the enemy
Statement of responsibility, etc / Chris Ryan
250 ## - EDITION STATEMENT
Edition statement 1st ed
260 ## - PUBLICATION, DISTRIBUTION, ETC. (IMPRINT)
Place of publication Uk
Name of publisher Arrow Books
Year of publication 2008
300 ## - PHYSICAL DESCRIPTION
Number of Pages 416p. :
Dimensions 20cm
650 ## - SUBJECT ADDED ENTRY--TOPICAL TERM
Topical Term English Fiction
942 ## - ADDED ENTRY ELEMENTS (KOHA)
Koha item type English Books
Holdings
Withdrawn status Lost status Damaged status Not for loan Home library Current library Shelving location Date acquired Full call number Accession Number Price effective from Koha item type
        Anna Centenary Library Anna Centenary Library 4TH FLOOR, B WING 10.11.2010 823.92 RYA 347991 08.06.2025 English Books

Find us on the map